00348nam a2200121Ia 450000500170000000800460001703700290006304000200009204100130011208400250012524500680015030000080021820250508151240.0008 250505s9999 xx 000 0 eng d aBooks to be hide in OPAC aFEDLbengcFEDL aeng2eng a312.954, CEN/OqFEDL 0aCensus of India. Paper No. 4, 1953: Special groups-1951 census. a47p